000 00487nam a2200181Ia 4500
005 20250326124723.0
008 250326s9999 xx 000 0 und d
037 _aTextbook
040 _aFMSL
_beng
_cFMSL
041 _aeng
_2eng
084 _aX:89A K7;1
_qFMSL
100 _aEilon S
245 0 _aElements of production planning and control
_cEilon S
260 _aNY
_bNY, Macmillan
_c1962
300 _a586p
942 _cTB
_hX:89A K7;1
999 _c1274909
_d1274909